000
00302nam a22001337a 4500
008
171025b xxu||||| |||| 00| 0 eng d
020
_a
9781422480342
041
_a
eng
080
_a
336.2
100
_a
55
101
_a
TAK
245
_a
TAXATION OF BUSINESS ENTITIES
_c
NESLUND,K,C
942
_2
udc
_c
BK
999
_c
35856
_d
35856